LIBRARY & INFORMATION CENTRE, KCAET, TAVANUR

ONLINE PUBLIC ACCESS CATALOGUE (OPAC)

Scottish and other miscellanies / (Record no. 11574)

MARC details
000 -LEADER
fixed length control field 00396cam a2200157ua 4500
041 ## - LANGUAGE CODE
Language code of text/sound track or separate title eng
082 ## - DEWEY DECIMAL CLASSIFICATION NUMBER
Classification number 824
Item number CAR/SC
100 ## - MAIN ENTRY--AUTHOR NAME
Personal name Carlyie, Themas .
245 ## - TITLE STATEMENT
Title Scottish and other miscellanies /
260 ## - PUBLICATION, DISTRIBUTION, ETC. (IMPRINT)
Place of publication London :
Name of publisher Everymans Library ,
Year of publication 1950.
300 ## - PHYSICAL DESCRIPTION
Number of Pages 339 ; .
942 ## - ADDED ENTRY ELEMENTS (KOHA)
Koha item type Books
Holdings
Withdrawn status Lost status Damaged status Home library Current library Date acquired Full call number Accession Number Koha item type
Withdrawn     KAUAET Sanskrit University 07/04/2012 824 4416 Books
Withdrawn     KAUAET Sanskrit University 07/04/2012 824 5210 Books
free website counter